00653nam a2200205Ia 4500001002200000003000900022008004100031040002300072041001300095100002800108240001000136245001800146250002400164260002700188300002500215490003200240501012400272520001700396700003400413832-GOE jo fa (16956)IT-MiSPE171229s9999||||xx |||||||||||||| ||und|| aIT-MiSPEcIT-MiSPE aITALIANO aJohann Wolfgang Goethe  aFaust 0aIl FaustbII. a7 (Mondadori, s.d.) aFirenzebSansonic1949 a311 p. [3 v.]c16 cm a Biblioteca stranierav 2° aEdizioni San Paolo srl - Piazza Soncino, 5 - 20092 CINISELLO BALSAMO (MI) (non commercial uses only) ® Copyright 2018 aEd. bilingue aGuido Manacordag(traduzione)